Arte y medicina en las misericordias de los coros españoles / (Record no. 16013)

MARC details
000 -LEADER
campo de control de longitud fija 00881nam a2200253 i 4500
001 - NÚMERO DE CONTROL
campo de control 16013
003 - IDENTIFICADOR DE NÚMERO DE CONTROL
campo de control ES-MaACL
005 - FECHA Y HORA DE LA ÚLTIMA TRANSACCIÓN
campo de control 20250806054251.0
007 - CAMPO FIJO DE DESCRIPCIÓN FÍSICA--INFORMACIÓN GENERAL
campo de control de longitud fija t|
008 - DATOS DE LONGITUD FIJA--INFORMACIÓN GENERAL
campo de control de longitud fija 000601s1991 sp ||||0| spa d
020 ## - NÚMERO INTERNACIONAL ESTÁNDAR DEL LIBRO
Número Internacional Estándar del Libro 84-7846-064-0
080 ## - NÚMERO DE LA CLASIFICACIÓN DECIMAL UNIVERSAL
Número de la Clasificación Decimal Universal 61(0:7)
100 1# - ENTRADA PRINCIPAL--NOMBRE DE PERSONA
Nombre de persona López-Ríos Fernández, Fernando.
9 (RLIN) 73922
245 10 - MENCIÓN DEL TÍTULO
Título Arte y medicina en las misericordias de los coros españoles /
Mención de responsabilidad, etc. Fernando López-Ríos Fernández.
260 ## - PUBLICACIÓN, DISTRIBUCIÓN, ETC.
Lugar de publicación, distribución, etc. [Valladolid] :
Nombre del editor, distribuidor, etc. Consejería de Cultura y Bienestar Social,
Fecha de publicación, distribución, etc. 1991.
300 ## - DESCRIPCIÓN FÍSICA
Extensión 217 p. :
Otras características físicas il. col. y n. ;
Dimensiones 25 cm.
490 1# - MENCIÓN DE SERIE
Mención de serie Estudios de arte ;
Designación de volumen o secuencia 6
504 ## - NOTA DE BIBLIOGRAFÍA, ETC.
Nota de bibliografía, etc. Bibliografía: p. 205-209.
650 #7 - PUNTO DE ACCESO ADICIONAL DE MATERIA--TÉRMINO DE MATERIA
Término de materia o nombre geográfico como elemento de entrada Medicina-
Subdivisión general En el arte
Fuente del encabezamiento o término
9 (RLIN) 148795
710 1# - ENTRADA AGREGADA--NOMBRE DE ENTIDAD CORPORATIVA
Nombre de entidad corporativa o nombre de jurisdicción como elemento de entrada Castilla y León.
Unidad subordinada Consejería de Cultura y Bienestar Social.
9 (RLIN) 2498
830 1# - PUNTO DE ACCESO ADICIONAL DE SERIE-TÍTULO UNIFORME
Título uniforme Estudios de arte ;
Designación de volumen o secuencia 6
9 (RLIN) 179848
852 ## - LOCALIZACIÓN
Ubicación ES-MaACL
Número de control de estantería L-23166
Holdings
Estatus retirado Estado de pérdida Estado de daño No para préstamo Biblioteca de origen Biblioteca actual Ubicación en estantería Fecha de adquisición Fuente de adquisición Total de préstamos Signatura topográfica completa Código de barras Visto por última vez Precio de reemplazo Tipo de ítem Koha
        Biblioteca del Ateneo de Madrid Biblioteca del Ateneo de Madrid Depósito 2 17/01/2008     L-23166 1016274 23/02/2023 23/02/2023 Libro impreso